| 000 | 00524nam a2200169Ia 4500 | ||
|---|---|---|---|
| 008 | 090711s9999 xx 000 0 und d | ||
| 082 | _b36488 | ||
| 100 | _aजाधव रा. ग. | ||
| 245 | _aविSाारशिल्प | ||
| 260 |
_bकॉन्टिनेन्टल प्रकाशन _c1975 |
||
| 300 | _a148 | ||
| 600 | _aजाधव रा. ग. | ||
| 630 | _aविSाारशिल्प | ||
| 700 | _aजाधव रा. ग. | ||
| 730 | _aविSाारशिल्प | ||
| 942 | _cBOOK | ||
| 999 |
_c283430 _d283430 |
||